| Tag |
First Indicator |
Second Indicator |
Subfields |
| LEADER |
00000cam a2200000Ea 4500 |
| 001 |
in00000087504 |
| 005 |
20151008064823.0 |
| 008 |
791219s1980 ncu b 00110 engm |
| 010 |
|
|
|a 79027129
|
| 020 |
|
|
|a 0807814350
|
| 035 |
|
|
|a (OCoLC)05892879
|
| 035 |
|
|
|9 AAK4858AM
|
| 040 |
|
|
|a DLC
|c DLC
|d m.c.
|d OCL
|d TXA
|d UtOrBLW
|
| 043 |
|
|
|a n-us-ga
|
| 049 |
|
|
|a TXAM
|c [388095]
|
| 050 |
0 |
0 |
|a LC2801
|b .J645
|
| 082 |
0 |
|
|a 975.8/041
|
| 100 |
1 |
|
|a Jones, Jacqueline,
|d 1948-
|
| 245 |
1 |
0 |
|a Soldiers of light and love :
|b northern teachers and Georgia blacks, 1865-1873 /
|c Jacqueline Jones.
|
| 264 |
|
1 |
|a Chapel Hill :
|b University of North Carolina Press,
|c [1980]
|
| 264 |
|
4 |
|c ©1980
|
| 300 |
|
|
|a xiii, 273 pages ;
|c 24 cm.
|
| 336 |
|
|
|a text
|b txt
|2 rdacontent
|
| 337 |
|
|
|a unmediated
|b n
|2 rdamedia
|
| 338 |
|
|
|a volume
|b nc
|2 rdacarrier
|
| 490 |
1 |
|
|a Fred W. Morrison series in Southern studies
|
| 500 |
|
|
|a Includes index.
|
| 504 |
|
|
|a Bibliography: pages 257-266.
|
| 610 |
2 |
0 |
|a American Missionary Association
|x History
|y 19th century.
|
| 650 |
|
0 |
|a Freedmen
|z Georgia
|x Education
|x History
|y 19th century.
|
| 650 |
|
0 |
|a Teachers
|z Georgia
|x History
|y 19th century.
|
| 650 |
|
0 |
|a Reconstruction (U.S. history, 1865-1877)
|z Georgia.
|
| 830 |
|
0 |
|a Fred W. Morrison series in Southern studies.
|
| 999 |
|
|
|a MARS
|
| 999 |
f |
f |
|s e0ead602-0d5a-3e63-bb48-fde38f4e689b
|i 81f5bac7-de29-3e16-a89e-8318d385c39e
|t 0
|
| 952 |
f |
f |
|p normal
|a Texas A&M University
|b College Station
|c Sterling C. Evans Library
|d Evans: Library Stacks
|t 0
|e LC2801 .J645
|h Library of Congress classification
|i unmediated -- volume
|m A14806163829
|
| 998 |
f |
f |
|a LC2801 .J645
|t 0
|l Evans: Library Stacks
|